000 00389nam a22001457a 4500
082 _a516.6
_bSLA
_cL-2, P-9
100 _aSteve M. Slaby
_939418
245 _aDescriptive Geometry
_cM. Slaby, Steve
250 _a2nd ed
260 _aNew York
_bBranes & Noble, Inc
_c1957
300 _ai-xiii, 353p:
526 _a0
_b0
_c0
_d516_600000000000000_SLA
650 _aMCE
_9379
942 _2ddc
_cBK
999 _c543915
_d543915